000 01912cam a2200313 4500500
005 20251228051209.0
041 _afre
042 _adc
100 1 0 _aGeyer, Steve
_eauthor
245 0 0 _aPsychologue et pluridisciplinarité : pour une éthique de la subjectivité
260 _c2012.
500 _a19
520 _aRésuméCet article met au travail la démarche clinique et éthique du psychologue en unité d’hospitalisation de psychiatrie au regard de ses fonctions auprès des personnes accueillies et des équipes de soin. La pluridisciplinarité traverse les établissements de santé et la pratique du clinicien, qui occupe une place particulière dans l’institution, ce qui l’invite à élaborer le cadre de ses interventions et la manière dont il le mobilise au travers de ses transmissions écrites dans le dossier personnel du patient.
520 _aThis article questions the clinical and ethical approach of a psychologist in a psychiatry unit through his roles with the patients and with the care teams. The interdisciplinarity crosses public hospitals and the psychologist’s practice, who occupies a specific role in the institution, which invites him to elaborate the framework of his interventions and the way he mobilizes it through written transmissions in the patient personal file.
690 _aDossier patient
690 _aÉthique
690 _aPluridisciplinarité
690 _aPratique clinique et institutionnelle
690 _aPsychiatrie
690 _aTransmissions écrites
690 _aClinical and institutional practice
690 _aEthics
690 _aInterdisciplinarity
690 _aPatient file
690 _aPsychiatry
690 _aWritten transmissions
786 0 _nCliniques | 3 | 1 | 2012-03-01 | p. 162-176 | 2115-8177
856 4 1 _uhttps://shs.cairn.info/revue-cliniques-2012-1-page-162?lang=fr&redirect-ssocas=7080
999 _c1581350
_d1581350